Quizzes
Events
Quiz Creation
Community
Videos
Private Events
Remove Ads
Sign In
Join for FREE
Feedback
Dark Mode
Quiz Categories
Sports
Geography
Music
Movies
Television
Just For Fun
Miscellaneous
History
Literature
Language
Science
Gaming
Entertainment
Religion
Holiday
For Kids
Quiz Lab
Recent
Popular Today
Quiz Kudos Today
Editor Picks
Curator Picks
Quizzes by...
Day
Popularity
Type
Ratings
Length
Year
Community
Subscriptions
Recent Discussions
Orange Saloon
Badges
Playlists
Quests
Create
Leaderboards
Showdown
Live 5
Trivia Bingo
Activity
Puzzle Library
Sporcle Events
Private Events
Virtual Trivia
Globe League
Become a Host
Pub Owners
SporcleCon
Opinionation
Our Games
Videos
Blog
Mobile Apps
Partnerships
Remove Ads and Go Orange
Feedback
Gaming
Video Games
Board Games
Card Games
Pokémon
Mario
Nintendo
Minecraft
Console
Toys
Legend of Zelda
Gaming
Video Games
Board Games
Card Games
Pokémon
Mario
Nintendo
Minecraft
Console
Toys
Legend of Zelda
Random Quiz
Search Sporcle
×
Quiz Lab
Quiz Lab
Gaming
War
Type in answers that appear in a list
Type in answers that appear in a list
Classic
Best Score? Go Orange.
Gears of War Stats
Can you name the Gears Multiplayer characters?
By
stewpedazz
5m
22 Questions
417 Plays
417 Plays
417 Plays
Comments
Comments
Give Quiz Kudos
Give Quiz Kudos
-
- Ratings
hide this ad
Random Order
Randomize order of answers
Randomize order of answers
Replay
Link that replays current quiz
Next Quiz
Link to next quiz in quiz playlist
You Got
0%
They Got
Avg Score
64%
Avg Friend Score
Upgrade to see
Score Distribution
Jump to the score distribution portion of the page
Score
0/22
Timer
05:00
0
Plays Today
Gears of War
Characters
% Correct
COG
Marcus Fenix
97.4%
COG
Dominic Santiago
96.2%
COG
Augustus Cole
94%
COG
Damon Baird
93.3%
COG
Anthony Carmine
85.8%
COG
Benjamin Carmine
85.3%
LOCUST
General RAAM
76%
COG
Victor Hoffman
75.5%
LOCUST
Drone
71.9%
COG
Tai Kaliso
68%
COG
Dizzy Wallin
68%
Gears of War
Characters
% Correct
LOCUST
Sniper
66.3%
COG
Minh Young Kim
65.4%
LOCUST
Grenadier
64.2%
LOCUST
Skorge
61.8%
LOCUST
Kantus
53.4%
LOCUST
Theron Guard
49.5%
LOCUST
Grenadier Elite
36.5%
LOCUST
Beast Rider
34.1%
LOCUST
Cyclops
33.2%
LOCUST
Flame Grenadier
29.6%
LOCUST
Theron Sentinal
18.5%
Quiz Playlist
Details
Report
Send in Message
Add To Playlist
Classic:
Type in answers that appear in a list
Random Order:
Randomize order of answers
Last Updated: Feb 16, 2017
Quiz Scoreboard
CHALLENGE
Sign Up to Join the Scoreboard
Show All
Scores
Hide
Comments
May contain spoilers
Recently Published
Alphabetical 'K' Countries by Flag Minefield
by ylime102
Geography
3m
Pick 6: Fruits
by JohnFran
Miscellaneous
15s
Click the 1999 NBA Draft
by nibperrychub
Sports
2m
More to Explore
Quiz From the Vault
Featured Blog Post
15 Basketball Trivia Facts You Can Be March Mad About
hide this ad
You Might Also Like...
Tags
War Quiz
Character
gear
Gears of War
Multiplayer
Today's Top Quizzes in Gaming
Browse Gaming
hide this ad
Today's Top Quizzes in War
Browse War
Top Contributed Quizzes in Gaming
1
Pokémon Gen IV Logic Puzzle (HARD)
2
Order Genshin Impact characters by release date!
3
HARD Pokemon Logic Puzzle
4
Honkai: Star Rail Technique Names Quiz
5
Genshin Impact Logic Puzzle Quiz
6
Danganronpa Sorting Blitz
7
Pokémon Logic Puzzle (DIFFICULT)
8
Genshin Impact Logic Puzzle Quiz II
9
Animal Crossing Neighbors (Clickable)
10
Overwatch Logic Puzzle
Explore More
Trending Topics
Crossword
Marvel
Anime
Kpop
Harry Potter
Disney
NBA
Puzzle
The Office
WWE
NFL
Country
Song
Pokémon
Soccer
hide this ad
More By:
stewpedazz
Quiz
Plays
Rating
Category
Featured
Created
Gears of War
417
3.00
Gaming
Sep 30, 2009
Go to Creator's Profile
Score Distribution
Quiz Creator Spotlight
stewpedazz
Follow
Send a Message
Quizzes Created
-
Created Quiz Play Count
-
More By This Creator
Popular Quizzes Today
1
Find the US States - No Outlines Minefield
2
Countries of Asia Without Outlines Minefield
3
Pick 6: Fruits
4
The Countries of the World
5
Alphabetical 'K' Countries by Flag Minefield
6
Click the 1999 NBA Draft
7
Find the US States
8
Match the Book to the Film X
More Gaming Quizzes
LogiCrossword: Koopalings
Editor's Pick
Trending Quizzes
Pick 6: Harry Potter
Pick 6: Mountains
Pick 6: NFL Teams
Pick 6: Movie Franchises
Pick 6: Golfers
Recently Updated
Women's Final Four Teams by Year
bhenderson79
Presidents Quartet II
eogle
Anything But Clue(do)
eogle
Anything But Oceanian Capitals
eogle
Anything But 7
eogle
Anything But Thing
eogle
Word Ladder: February 29
pecheneg
Song Title Questions
pecheneg
Women's NCAA Tournament #1 Seeds
pecheneg
Celebrity Mug Shots
pecheneg
Trending Topics
Marvel
NBA
Crossword
Anime
Harry Potter
Kpop
Disney
The Office
NFL
Puzzle
Country
Pokémon
WWE
Song
Soccer
Your Account Isn't Verified!
In order to create a playlist on Sporcle, you need to verify the email address you used during registration. Go to your
Sporcle Settings
to finish the process.
Report this User
Report this user for behavior that violates our
Community Guidelines
.
Details:
Send Report
Go to the Sporcle.com Mobile Site →
Comments